| 000 | 00607cam a2200229 4500 | ||
|---|---|---|---|
| 008 | 090401t1990 xxu||||| |||| 00| 0 eng d | ||
| 020 | _a0408031891 | ||
| 035 | _a(Sirsi) u75880 | ||
| 041 | _aeng | ||
| 050 | _a725.5 | ||
| 100 | _aCox, Anthony | ||
| 245 | _aHospitals and health-care facilities: a design and development guide | ||
| 250 | _a2nd ed. | ||
| 260 |
_aLondon _bButterworth Architecture _c1990 |
||
| 300 | _avii,165p. ; 30cm. | ||
| 350 | _a45 | ||
| 490 | _aDesign and Development Guides | ||
| 650 | _aHEALTH CENTRES | ||
| 700 | _aGroves, Philip | ||
| 942 | _n0 | ||
| 948 | _c04/03/1997 | ||
| 999 |
_c96087 _d96087 |
||